Представление документа в формате MARC21

Поле Инд. ПП Название Значение
Тип записи a
Библиографический уровень a
001 Контрольный номер e0b9bf97c20a46118ab3eee0529e530e
005 Дата корректировки 20170301131317.4
020 a ISBN 5-02-010266-0
040 a Служба первич. каталог. НБ ТвГУ
b Код языка каталог. rus
e Правила каталог. PSBO
041 0_ a Код языка текста rus
097 b Оператор novikova
100 1_ a Автор Плевако Наталия Сергеевна
q Полное имя Плевако Н. С.
245 10 a Заглавие Государство благосостояния в Швеции
260 a Место издания Москва
b Издательство Наука
504 a Библиография Библиогр.: с. 165-166 (11 назв.)
520 0_ a Аннотация В данной статье рассматривается вопрос государства благосостояния и термин шведская модель в аспекте социальной обеспеченности населения.
653 0_ a Ключевые слова Государство благосостояния
a Ключевые слова Швеция, страна
a Ключевые слова Шведская модель
a Ключевые слова Социальное страхование
a Ключевые слова Социальная политика
773 18 w Контрольный № источника RU/IS/BASE/318428191
t Название источника Северная Европа
d Место и дата издания Москва : Наука, 2005
g Прочая информация Вып. 5. - С. 154-166
901 t Тип документа a
920 a Оператор Нови